LIBRARY & INFORMATION CENTRE, KCAET, TAVANUR

ONLINE PUBLIC ACCESS CATALOGUE (OPAC)

Objective agriculture (Record no. 14829)

MARC details
000 -LEADER
fixed length control field 00287nam a22001217a 4500
020 ## - INTERNATIONAL STANDARD BOOK NUMBER
ISBN 9788183990245
082 ## - DEWEY DECIMAL CLASSIFICATION NUMBER
Classification number 631.1
Item number KAN/OB
100 ## - MAIN ENTRY--AUTHOR NAME
Personal name Kantwa, S.R
245 ## - TITLE STATEMENT
Title Objective agriculture
250 ## - EDITION STATEMENT
Edition statement 17th ed
260 ## - PUBLICATION, DISTRIBUTION, ETC. (IMPRINT)
Place of publication New Delhi
Name of publisher New Vishal Publications
Year of publication 2016
942 ## - ADDED ENTRY ELEMENTS (KOHA)
Koha item type Books
Holdings
Withdrawn status Lost status Damaged status Collection code Home library Current library Shelving location Date acquired Source of acquisition Cost, normal purchase price Full call number Accession Number Koha item type
        KAUAET KAUAET General Stacks 30/03/2017 Vigyan Books, Delhi 390.00 631.1 KAN/OB 25373 Books
        KAUAET KAUAET General Stacks 30/03/2017 Vigyan Books, Delhi 390.00 631.1 KAN/OB 25374 Books
        KAUAET KAUAET General Stacks 30/03/2017 Neoti book Agency 390.00 631.1 KAN/OB 25327 Books
free website counter